000 01007nam a22002297a 4500
999 _c8742
_d8742
005 20251125232820.0
008 s2542 th tha d
020 _a9748326497
040 _aNALT
041 _atha
050 _aHF5549.2 ป384ก 2542
100 0 _aประเวศน์ มหารัตน์สกุล
245 1 0 _aการบริหารทรัพยากรมนุษย์แนวทางใหม่
260 3 _aกรุงเทพฯ :
_bสมาคมส่งเสริมเทคโนโลยี (ไทย-ญี่ปุ่น),
_c2542
300 _a226 หน้า :
_b ตาราง ;
_c 21 ซม.
650 0 4 _aการบริหารงานบุคคล
650 0 4 _aการบริหารทรัพยากรมนุษย์
850 _aNALT
856 4 0 _uhttps://hdl.handle.net/20.500.14156/448380
_71
942 _cGB
_04
_2lcc
998 _j8
_k นายบัณฑิต อุทาวงค์